000 00675nam a2200277Ia 4500
005 20260324130620.0
008 008 260324s9999 xx 000 0 eng d
020 _a9781410616180
037 _aEBOOK
040 _aCRL
040 _beng
040 _cCRL
041 _2eng
041 _aeng
084 _qCRL
100 _aCarolyn Temple Adger; Walt Wolfram; Donna Christian
_91182447
245 0 _aDialects in Schools and Communities
260 _bTaylor and Francis
260 _c2007
365 _a
365 _b230
856 _uhttp://www.taylorfrancis.com/books/9781410616180
942 _cEBOOK
999 _c1778769
_d1778769